000 00803nam a22002417a 4500
003 UA-OsUOA
001 27967
007 ta
008 20040916b un ||||| |||| 00| 0 ukr d
090 _a796.093.64
_bУ66
942 _cBK
040 _aUA-OsUOA
_brus
_cUA-OsUOA
_dUA-OsUOA
245 _aУправление процессом подготовки спортсменов в многоборьях
_bСборник научных трудов
_cРед. В. А.Дрюков
300 _a130 с.
_bІлюстрації
955 _a0
041 _arus
080 _a796.093.64
020 _a5-7707-0401-2
260 _aКиев
_bКиевский государственный институт физической культуры
_c1991
044 _aRU
650 7 _2UDC
999 _c314319
_d314319